00621nam a22001937a 4500999001900000005001700019010001100036020001200047035001100059037000900070082000800079100003700087245005100124246004700175260010000222270005500322300002200377942002800399 c170992d17099220200101145412.0 a992511 cN.A.a- a992511 bBPPD a841 aمد ير: کر شن مو ہن  aتنا ظر cمد ير: کر شن مو ہن  aTanazur (2nd Book) (Urdu)bby Krishn Mohan aN.Delhic1980 ء bMukti Verma  aTanazur publications,New DelhibN.Delhik-e110003 a496 صc22 cm(hb) 2ddccURh841mت ن ا